Empresa. Llave en mano (Registro nro. 160833)

Detalles MARC
000 -LEADER
fixed length control field 01433nam a22002537a 4500
008 - FIXED-LENGTH DATA ELEMENTS--GENERAL INFORMATION
fixed length control field 110907t2007 mx |||||s|||| 00| 0 spa d
020 ## - INTERNATIONAL STANDARD BOOK NUMBER
International Standard Book Number 978-970-665-281-2
035 ## -
-- 5250
040 ## - CATALOGING SOURCE
Original cataloging agency vLex
090 ## -
-- 2402
-- 2402
100 1# - MAIN ENTRY--PERSONAL NAME
Personal name Trejo Caballero, Juana
245 10 - TITLE STATEMENT
Title Empresa. Llave en mano
Medium [Recurso electrónico] /
Statement of responsibility, etc Juana Trejo Caballero
256 ## -
-- Servicio en línea.
260 ## - PUBLICATION, DISTRIBUTION, ETC. (IMPRINT)
Place of publication, distribution, etc [México] :
Name of publisher, distributor, etc Instituto Mexicano de Contadores Públicos,
Date of publication, distribution, etc 2007.
300 ## - PHYSICAL DESCRIPTION
Extent 1 recurso electrónico
500 ## - GENERAL NOTE
General note Llave en mano, preparada por la Comisión de Apoyo al Ejercicio Independiente (CAEI) del Colegio de Contadores Públicos de México, representa un documento de gran trascendencia, el cual contribuye a manejar prácticamente todas las operaciones que una empresa debe llevar a cabo desde su constitución, pasando por todo el proceso mercantil, legal y fiscal.
506 1# - RESTRICTIONS ON ACCESS NOTE
Terms governing access Contenido solo disponible en los productos indicados
Authorized users vLex Global
-- vLex Global (Academic Edition, excluding Law Schools)
-- vLex Global (U.S. Academic Edition, Law Schools)
-- vLex Global (U.S. Academic Edition, excluding Law Schools)
-- vLex Global (Academic Edition, Law Schools)
650 04 - SUBJECT ADDED ENTRY--TOPICAL TERM
Topical term or geographic name as entry element Derecho mercantil
Geographic subdivision México
710 2# - ADDED ENTRY--CORPORATE NAME
Corporate name or jurisdiction name as entry element Instituto Mexicano de Contadores Públicos
740 0# -
-- vLex Libros (Servicio en línea)
856 40 - LOCALIZACIÓN Y ACCESO ELECTRÓNICO
Identificador Uniforme del Recurso (URI/URL) https://app.vlex.com/#/sources/empresa-llave-5250
942 ## -
-- RAA
999 ## -
-- 160833
-- 160833

No hay ítems disponibles.


CONTACTO


NOSOTROS


SITIOS DE INTERES

coordinacion.biblioteca.biblioteca@unienlinea.mx Misión, Visión y Objetivos Bases de datos
Directorio Bibliotecas Digitales y Repositorios
Normatividad Revistas y artículos
Convenios interbibliotecarios
Boletines



Hecho en México. Universidad Insurgentes (UIN). Todos los derechos reservados 2024. Esta página y sus contenidos pueden ser reproducidos con fines no lucrativos, siempre y cuando no se mutile, se cite la fuente completa y su dirección electrónicas. De otra forma requiere permiso previo por escrito de la institución




2024 Copyright Universidad Insurgentes | www.bibliouin.com.mx